Saint Judas : poems /

Bibliographic Details
Main Author: Wright, James, 1927-1980
Format: Book
Language:English
Published: Middletown, Conn. : Wesleyan University Press, 1959.
Edition:1st ed.

MARC

Tag First Indicator Second Indicator Subfields
LEADER 00000cam a2200000 4500
001 in00000031482
005 20151007061708.0
008 720424s1959 ctu 00010 eng
010 |a  59012481  
035 |a (OCoLC)00291390 
035 |9 AAD2799AM 
040 |a DLC  |c WSU  |d SER  |d m.c.  |d TXA  |d UtOrBLW 
049 |a TXAM [Also in] [Wein]  |c 1 [314699], 2 [A09511225] 
050 0 0 |a PS3545.R58  |b S3 
082 0 |a 811.54 
100 1 |a Wright, James,  |d 1927-1980. 
245 1 0 |a Saint Judas :  |b poems /  |c James Arlington Wright. 
250 |a 1st ed. 
264 1 |a Middletown, Conn. :  |b Wesleyan University Press,  |c 1959. 
300 |a 56 pages ;  |c 21 cm. 
336 |a text  |b txt  |2 rdacontent 
337 |a unmediated  |b n  |2 rdamedia 
338 |a volume  |b nc  |2 rdacarrier 
536 |a Poetry browsing collection: gift of Eleanor Weinbaum family. 
999 |a MARS 
999 f f |s c52e0161-a2f7-3e14-9a48-543e43e01bcd  |i 4dbafc34-c42f-3b5b-b405-960704108fb5  |t 0 
952 f f |p normal  |a Texas A&M University  |b College Station  |c Sterling C. Evans Library  |d Evans: Library Stacks  |t 0  |e PS3545.R58 S3  |h Library of Congress classification  |i unmediated -- volume  |m A14809511225 
998 f f |a PS3545.R58 S3  |t 0  |l Evans: Library Stacks